| 000 | 00406 a2200157 4500 | ||
|---|---|---|---|
| 999 |
_c424413 _d424413 |
||
| 003 | NUST | ||
| 005 | 20191216104227.0 | ||
| 008 | 191216b ||||| |||| 00| 0 eng d | ||
| 038 | _aMSOHAIL | ||
| 082 |
_a621.4021 _bSPA |
||
| 100 | _4Brian Spalding, Edward Harry Cole | ||
| 245 | _aEngineering Thermodynamics | ||
| 260 |
_aLondon _bEdward Arnold; _cc1966 |
||
| 300 | _a443;p;xv | ||
| 942 |
_aNUST-NIT _2ddc |
||